000 00577nam a22002057a 4500
003 OSt
005 20151216103616.0
008 130625t xxu||||| |||| 00| 0 eng d
020 _a1904534007
050 _aQD 40
_b.B877 2003
082 _aIB 510.0702
_bB81 2003
100 _aBrown, Tony
245 _aIB chemistry : standard level
_brevision guide : the final chapter
_cTony Brown
250 _a2nd ed.
260 _aUK;
_bOxford Study Courses Limited;
_c2003;
300 _a50 p. ;
_bill. ;
_c30 cm. :
562 _e1
942 _2lcc
_cBK
_e2nd ed.
999 _c3063
_d3063